000167096 001__ 167096
000167096 005__ 20260121151431.0
000167096 037__ $$aTAZ-TFG-2025-1679
000167096 041__ $$aspa
000167096 1001_ $$aJiménez Orcajo, Marcos
000167096 24200 $$aHistorical floods and reconstruction of their effects on the Ebro free meandering river (Logroño-La Zaida)
000167096 24500 $$aCrecidas históricas y reconstrucción de sus efectos en la dinámica fluvial del Ebro de meandros libres (Logroño-La Zaida)
000167096 260__ $$aZaragoza$$bUniversidad de Zaragoza$$c2025
000167096 506__ $$aby-nc-sa$$bCreative Commons$$c3.0$$uhttp://creativecommons.org/licenses/by-nc-sa/3.0/
000167096 520__ $$aEl río Ebro es el curso fluvial con mayor tramo de meandros libres de la península ibérica, describiendo durante más de 340 km, desde Logroño hasta la Zaida, un trazado sinuoso sobre una amplia llanura de inundación de escasa pendiente.<br />Dada su importancia y su amplia cuenca receptora con aportes de caudalosos afluentes, las crecidas extraordinarias han sido a lo largo de la historia sucesos de especial incidencia en sus márgenes, provocando afecciones en el paisaje y en las poblaciones asentadas más cerca de su cauce.<br />En el presente documento, se van a recopilar estos eventos desde que se tienen registros, disponiendo, siglos atrás, información de ellas a partir de las incidencias datadas por las poblaciones; y desde el siglo XX, por las diferentes estaciones de aforo instaladas a lo largo de su recorrido.<br />Por otro lado, el grueso del estudio se va a centrar en analizar los efectos hidrogeomorfológicos de estas crecidas en tramos concretos elegidos, dada la gran dinámica y cambios en la morfología del cauce que han provocado en el último siglo, estudiados a través de los vuelos fotogramétricos disponibles.<br />Por último, se hará un inciso sobre la importancia de este estudio en la futura gestión del espacio ribereño.<br /><br />
000167096 521__ $$aGraduado en Geografía y Ordenación del Territorio
000167096 540__ $$aDerechos regulados por licencia Creative Commons
000167096 691__ $$a13 15
000167096 692__ $$aContribuye a la mejor convivencia con el curso fluvial del Ebro y a la prevención de sus inundaciones
000167096 700__ $$aOllero Ojeda, Alfredo$$edir.
000167096 7102_ $$aUniversidad de Zaragoza$$bGeografía y Ordenación del Territorio$$cGeografía Física
000167096 8560_ $$f843425@unizar.es
000167096 8564_ $$s12095833$$uhttps://zaguan.unizar.es/record/167096/files/TAZ-TFG-2025-1679.pdf$$yMemoria (spa)
000167096 909CO $$ooai:zaguan.unizar.es:167096$$pdriver$$ptrabajos-fin-grado
000167096 950__ $$a
000167096 951__ $$adeposita:2026-01-21
000167096 980__ $$aTAZ$$bTFG$$cFFYL
000167096 999__ $$a20250530110107.CREATION_DATE